| 000 | 00634cam a22002411 4500 | ||
|---|---|---|---|
| 001 | sa 62000177 | ||
| 003 | DLC | ||
| 005 | 20260227111913.0 | ||
| 008 | 890830s1962 ii b 000 0 hino | ||
| 010 | _asa 62000177 | ||
| 035 | _a(OCoLC)20281569 | ||
| 040 |
_aDLC _cWaU _dDLC |
||
| 042 | _apremarc | ||
| 043 | _aa-ii--- | ||
| 050 | 0 | 0 |
_aPK2032 _b.S5 |
| 100 | 1 | _aSharma, Venkat. | |
| 245 | 1 | 0 | _aĀdhunika Hindī-sāhitya meṃ samālocanā kā vikāsa. |
| 260 | _c[1962] | ||
| 300 |
_a16, 520 p. _c24 cm. |
||
| 500 | _aIn Hindi. | ||
| 504 | _aBibliography: p. 505-520. | ||
| 650 | 0 |
_aHindi literature _xHistory and criticism. |
|
| 999 |
_c52829 _d52829 |
||